| 000 | 01818 a2200241 4500 | ||
|---|---|---|---|
| 999 |
_c10813 _d10813 |
||
| 020 | _a9780702077869 | ||
| 050 |
_aRL120 _b.COL2020 |
||
| 100 | 1 |
_aColeman, Kate _eauthor. |
|
| 245 | 1 | 0 |
_aBotulinum toxin in facial rejuvenation / _cKate Coleman, BSc, PhD, FRCS, FRCOphth, Blackrock Clinic, Dublin, Ireland. |
| 250 | _aSecond edition. | ||
| 264 | 1 |
_aPhiladelphia, PA. : _bElsevier Health Sciences, _c2020 |
|
| 300 |
_axi, 111 pages : _billustrations; |
||
| 336 |
_atext _btxt _2rdacontent |
||
| 337 |
_aunmediated _bn _2rdamedia |
||
| 338 |
_avolume _bnc _2rdacarrier |
||
| 504 | _aIncludes bibliographical references and index. | ||
| 505 | _aIntroduction Botulinum toxin : mode of action and serotypes Clinical indications and use Patient preparation and injection skills Patient selection : the art of understanding neuromodulation and symmetry The art of patient selection and short- and long-term management Contraindications and complications Management of crow's feet Management of forehead wrinkles Treatment of the perioral region, the neck and scars Other solutions | ||
| 520 | _a"Botulinum Toxin in Facial Rejuvenation, 2nd Edition, covers the entire range of the use of botulinum toxin for cosmetic purposes. Dr. Kate Coleman offers practical guidance for safe handling, selection and assessment of patients, potential complications and pitfalls, and aesthetic techniques, as well as comparative modalities and long-term management. This is an ideal resource for anyone who offers this sought-after procedure, including cosmetic surgeons, oculoplastic surgeons, dermatologists, physician's assistants, and registered nurses" | ||
| 650 |
_aBotulinum toxin _xTherapeutic use |
||
| 650 | _aCosmetic Techniques | ||
| 942 |
_2lcc _cBK _h120 _iCOL _kR |
||